Fußball Top 10 #25 (meiste Spiele unter Jürgen Klopp) - Statistiken

Allgemein
  • Dieses Quiz wurde 44 mal gespielt
  • Das Durchschnittsergebnis liegt bei 7 aus 10
Antwortstatistiken
Platz Einsätze Spieler % Korrekt
2 349 Mohamed Salah
95%
9 270 Virgil van Dijk
93%
10 269 Sadio Mane
90%
1 355 Roberto Firmino
88%
6 297 Andrew Robertson
71%
4 310 Trent Alexander-Arnold
71%
5 304 Jordan Henderson
66%
8 280 Roman Weidenfeller
54%
3 323 James Milner
44%
7 282 Neven Subotic
29%
Keine übereinstimmenden Quizze gefunden
Verteilung der Resultate
Anzahl Personen mit jedem Resultat
Perzentil nach korrekt beantworteten Fragen
Ihre Resultats-Entwicklung
Sie haben dieses Quiz noch nicht gespielt